Statistiche per Tutti gli Stati che hanno controllato Accra

Clicka qui per fare il quiz!

Statistiche generali

  • Questo quiz è stato fatto 4 volte
  • Il punteggio medio è 9 su 11

Statistiche sulle risposte

Risposta% Corretto
Impero Britannico (Colonia della Costa d'Oro)
100%
Impero Coloniale Britannico
100%
Impero Coloniale Danese
100%
Impero Coloniale Olandese
100%
Impero Coloniale Portoghese
100%
Impero Coloniale Svedese
100%
Repubblica del Ghana
100%
Dominion del Ghana
67%
Impero Ashanti
33%
Regno di Akwamu
33%
Tribù Akan
33%

Distribuzione punteggi

Percentile per numero di risposta

Percentuale di utenti per punteggio

I tuoi punteggi nel tempo

Non hai fatto questo quiz